Welcome to the Holygrace Academy Library

Please use search bar below to get started

POPULAR FOLK TALES OF INDIA (Record no. 7346)

MARC details
000 -LEADER
fixed length control field 00272nam a22001217a 4500
082 ## - DEWEY DECIMAL CLASSIFICATION NUMBER
Classification number 823
Item number BHA/P
100 ## - MAIN ENTRY--AUTHOR NAME
Personal name BHANOT, REINU
245 ## - TITLE STATEMENT
Title POPULAR FOLK TALES OF INDIA
260 ## - PUBLICATION, DISTRIBUTION, ETC. (IMPRINT)
Place of publication DELHI
Name of publisher ARORA BOOK COMPANY
300 ## - PHYSICAL DESCRIPTION
Number of Pages 117
650 ## - SUBJECT ADDED ENTRY--TOPICAL TERM
Topical Term ENGLISH STORY
Geographic subdivision INDIA
942 ## - ADDED ENTRY ELEMENTS (KOHA)
Koha item type Books
Holdings
Withdrawn status Lost status Collection code Home library Current library Date acquired Source of acquisition Cost, normal purchase price Full call number Accession Number Koha item type
Withdrawn Damaged Item Fiction Main Library Main Library 02/01/2004 purchase 110.00 823 BHA/P 00322 Books